International journal of central banking (Record no. 200041611)
[ view plain ]
| 000 -LEADER | |
|---|---|
| fixed length control field | 00739 a2200265 4500 |
| 001 - CONTROL NUMBER | |
| control field | 200041611 |
| 003 - CONTROL NUMBER IDENTIFIER | |
| control field | TR-AnTOB |
| 005 - DATE AND TIME OF LATEST TRANSACTION | |
| control field | 20190322122947.0 |
| 008 - FIXED-LENGTH DATA ELEMENTS--GENERAL INFORMATION | |
| fixed length control field | 160507b20059999tu qr0p 0 0 |
| 022 ## - INTERNATIONAL STANDARD SERIAL NUMBER | |
| International Standard Serial Number | 18154654 |
| 040 ## - CATALOGING SOURCE | |
| Original cataloging agency | TR-AnTOB |
| 041 ## - LANGUAGE CODE | |
| Language code of text/sound track or separate title | İngilizce |
| 050 00 - LIBRARY OF CONGRESS CALL NUMBER | |
| Classification number | HG1811 |
| 099 ## - LOCAL FREE-TEXT CALL NUMBER (OCLC) | |
| Classification number | JOURNAL - INTE CE |
| 245 #0 - TITLE STATEMENT | |
| Title | International journal of central banking |
| 246 ## - VARYING FORM OF TITLE | |
| Title proper/short title | IJCB |
| 260 ## - PUBLICATION, DISTRIBUTION, ETC. | |
| Place of publication, distribution, etc. | Ottawa : |
| Name of publisher, distributor, etc. | Bank of Canada, |
| Date of publication, distribution, etc. | 2005- |
| 300 ## - PHYSICAL DESCRIPTION | |
| Extent | v. : |
| Other physical details | ill. ; |
| Dimensions | 21cm. |
| 310 ## - CURRENT PUBLICATION FREQUENCY | |
| Current publication frequency | Quarterly |
| 362 ## - DATES OF PUBLICATION AND/OR SEQUENTIAL DESIGNATION | |
| Dates of publication and/or sequential designation | Vol.1, no. 1 (May 2005)- |
| 500 ## - GENERAL NOTE | |
| General note | Kütüphanedeki mevcutlar: 1(1),2005. 3(2),2007- |
| 856 40 - ELECTRONIC LOCATION AND ACCESS | |
| Host name | http://www.ijcb.org/index.html |
| Materials specified | Full text available from Freely Accessible Business Journals |
| 942 ## - ADDED ENTRY ELEMENTS (KOHA) | |
| Koha item type | Continuing Resource |
No items available.
